Central Library OPAC University of Rajshahi

تمدن عرب ;; Tamaddun Arab / (Record no. 81921)

MARC details
000 -LEADER
fixed length control field 00685naa a2200217 a 4500
001 - CONTROL NUMBER
control field 81921
003 - CONTROL NUMBER IDENTIFIER
rucl marc code BD-RjUL
005 - DATE AND TIME OF LATEST TRANSACTION
control field 20230914152215.0
008 - FIXED-LENGTH DATA ELEMENTS--GENERAL INFORMATION
fixed length control field 230914s1960 p ||||| |||| 00| 0 u d
035 ## - SYSTEM CONTROL NUMBER
System control number (BD-RjUL) 81921
040 ## - CATALOGING SOURCE
Original cataloging agency BD-RjUL
Language of cataloging eng
Transcribing agency BD-RjUL
041 ## - LANGUAGE CODE
Language code of text/sound track or separate title urd
082 ## - DEWEY DECIMAL CLASSIFICATION NUMBER
Edition number 23
Classification number 909.09767
Author mark and year BIT [1960]
100 10 - MAIN ENTRY--PERSONAL NAME
Personal name بلگرامي٫ سيد علي. ;; Bilgrami; Syed Ali.
9 (RLIN) 8990
245 ## - TITLE STATEMENT
Title تمدن عرب ;; Tamaddun Arab /
Statement of responsibility, etc. Syed Ali Bilgrami ;; سيد علي. بلگرامي
260 ## - PUBLICATION, DISTRIBUTION, ETC. (IMPRINT)
Place of publication, distribution, etc. Lahore :
Name of publisher, distributor, etc. malek maqbul akademi,
Date of publication, distribution, etc. [1960]
300 ## - PHYSICAL DESCRIPTION
Pagination 645 p. ;
Size 23 cm
650 ## - SUBJECT ADDED ENTRY--TOPICAL TERM
Topical term or geographic name as entry element العرب تاريخ
9 (RLIN) 8991
Topical term or geographic name as entry element Islamic Civilization
942 ## - ADDED ENTRY ELEMENTS (KOHA)
Source of classification or shelving scheme Dewey Decimal Classification
Koha item type Books
Holdings
Lost status Source of classification or shelving scheme Damaged status Not for loan Collection code Permanent Location Current Location Shelving location Date acquired Source of acquisition Cost, normal purchase price Total Checkouts Full call number Date last seen Copy number Koha item type
  Dewey Decimal Classification   Not For Loan Non-fiction Central Library, University of Rajshahi Central Library, University of Rajshahi Reading Room 01/10/1965 Urdu Library 20.00   U 909.09767 BIT [1960] 14/09/2023 C-1 Books
  Dewey Decimal Classification     Non-fiction Central Library, University of Rajshahi Central Library, University of Rajshahi General Stacks 10/07/2025       U 909.09767 BIT [1960] 10/07/2025 C-2 Books
  Dewey Decimal Classification     Non-fiction Central Library, University of Rajshahi Central Library, University of Rajshahi General Stacks   Urdu library. , 35.00   909.09767 BIT [1960] 30/07/2025 C-3 Books